[Event "Oceania zt"]
[Site "Cammeray"]
[Date "2015.07.07"]
[Round "5"]
[White "Hain, Anthony"]
[Black "Tracey, Michael"]
[Result "1-0"]
[WhiteElo "1929"]
[BlackElo "1689"]
[PlyCount "87"]
[EventDate "2015.07.04"]
[EventType "swiss"]
[EventRounds "9"]
[EventCountry "AUS"]
[SourceTitle "CBM 167 Extra"]
[Source "ChessBase"]
[SourceDate "2015.09.14"]
[SourceVersion "1"]
[SourceVersionDate "2015.09.14"]
[SourceQuality "1"]

1. d4 Nf6 2. Bg5 e6 3. e3 Be7 4. Bd3 b6 5. f4 Bb7 6. Nf3 d5 7. Nbd2 Nbd7 8. 0-0 h6 9. Bxf6 Nxf6 10. Ne5 0-0 11. Qf3 Rc8 12. g4 c5 13. c3 Ne4 14. Nxe4 dxe4 15. Bxe4 Bxe4 16. Qxe4 Qd5 17. Qf3 Rfd8 18. Kg2 f6 19. Qxd5 Rxd5 20. Ng6 Bf8 21. Rad1 Rcd8 22. f5 cxd4 23. Nf4 R5d6 24. Nxe6 Rc8 25. exd4 Be7 26. Kf3 Kf7 27. Nf4 b5 28. Ke4 a5 29. Kd3 Rd7 30. Rfe1 Bd6 31. Re4 Bxf4 32. Rxf4 Re7 33. Re4 Rxe4 34. Kxe4 b4 35. Kd3 g6 36. c4 gxf5 37. gxf5 Rg8 38. c5 Ke7 39. Rd2 Kd7 40. Kc4 h5 41. Re2 h4 42. Re4 Rg2 43. Rxh4 Rxb2 44. Rh7+ 1-0

[Event "Oceania zt"]
[Site "Cammeray"]
[Date "2015.07.04"]
[Round "1"]
[White "Narenthran, Tharmaratnam"]
[Black "Tracey, Michael"]
[Result "1-0"]
[WhiteElo "2002"]
[BlackElo "1689"]
[PlyCount "57"]
[EventDate "2015.07.04"]
[EventType "swiss"]
[EventRounds "9"]
[EventCountry "AUS"]
[SourceTitle "CBM 167 Extra"]
[Source "ChessBase"]
[SourceDate "2015.09.14"]
[SourceVersion "1"]
[SourceVersionDate "2015.09.14"]
[SourceQuality "1"]

1. e4 c5 2. Nf3 d6 3. d4 cxd4 4. Nxd4 Nf6 5. Nc3 g6 6. Bc4 Bg7 7. Bb3 0-0 8. 0-0 Bd7 9. Bg5 Nc6 10. h3 Rc8 11. Nf3 a6 12. Qd2 Na5 13. Bh6 Nxb3 14. axb3 Bc6 15. Bxg7 Kxg7 16. Rfe1 Re8 17. Rad1 Qc7 18. Nd4 Bd7 19. f4 e5 20. Nf3 exf4 21. Qxf4 Bc6 22. Nd4 Bd7 23. Rf1 Qd8 24. Qxd6 Nxe4 25. Nxe4 Rxe4 26. Rxf7+ Kxf7 27. Qd5+ Kf8 28. Qxe4 Bf5 29. Ne6+ 1-0

[Event "Sydney op-B"]
[Site "Parramatta"]
[Date "2013.04.07"]
[Round "9"]
[White "Qin, Tomson"]
[Black "Tracey, Michael"]
[Result "1-0"]
[WhiteElo "1427"]
[BlackElo "1378"]
[PlyCount "83"]
[EventDate "2013.04.03"]
[EventType "swiss"]
[EventRounds "9"]
[EventCountry "AUS"]
[SourceTitle "EXT 2023"]
[Source "ChessBase"]
[SourceDate "2022.10.05"]
[SourceVersion "1"]
[SourceVersionDate "2022.10.05"]
[SourceQuality "1"]

1. e4 c5 2. Nf3 Nc6 3. d4 cxd4 4. Nxd4 e5 5. Nb5 d6 6. c4 a6 7. N5c3 Nf6 8. Bg5 Be7 9. Bxf6 Bxf6 10. Nd5 0-0 11. Be2 Be6 12. Nbc3 Be7 13. 0-0 f5 14. exf5 Bxf5 15. Bg4 Nd4 16. Bxf5 Rxf5 17. Re1 Bh4 18. Ne4 Qf8 19. Rf1 Rd8 20. Qg4 Be7 21. Rad1 Rf7 22. f4 Kh8 23. fxe5 dxe5 24. Qh5 g6 25. Qxe5+ Qg7 26. Qxg7+ Kxg7 27. Rxd4 Rdf8 28. Rxf7+ Rxf7 29. Nxe7 Rxe7 30. Kf2 h6 31. Nc5 b5 32. Rd7 Rxd7 33. Nxd7 bxc4 34. Ke3 Kf7 35. Ne5+ Kf6 36. Nxc4 Kf5 37. b4 Ke6 38. a4 Kd5 39. Kd3 g5 40. b5 axb5 41. axb5 Kc5 42. b6 1-0

[Event "Sydney op-B"]
[Site "Parramatta"]
[Date "2013.04.04"]
[Round "4"]
[White "Cekulis, Maris"]
[Black "Tracey, Michael"]
[Result "1-0"]
[WhiteElo "1728"]
[BlackElo "1378"]
[PlyCount "33"]
[EventDate "2013.04.03"]
[EventType "swiss"]
[EventRounds "9"]
[EventCountry "AUS"]
[SourceTitle "EXT 2023"]
[Source "ChessBase"]
[SourceDate "2022.10.05"]
[SourceVersion "1"]
[SourceVersionDate "2022.10.05"]
[SourceQuality "1"]

1. d4 Nf6 2. Nf3 e6 3. e3 b6 4. Bd3 Bb7 5. Nbd2 d5 6. 0-0 Nbd7 7. b3 Bd6 8. Bb2 Rc8 9. Ne5 c5 10. f4 0-0 11. Qe2 Qc7 12. Nxd7 Qxd7 13. dxc5 bxc5 14. Bxf6 gxf6 15. Qg4+ Kh8 16. Qh4 f5 17. Qf6+ 1-0

[Event "Sydney op-B"]
[Site "Parramatta"]
[Date "2013.04.03"]
[Round "2"]
[White "Tracey, Michael"]
[Black "Chisholm, Tom"]
[Result "0-1"]
[WhiteElo "1378"]
[BlackElo "1763"]
[PlyCount "118"]
[EventDate "2013.04.03"]
[EventType "swiss"]
[EventRounds "9"]
[EventCountry "AUS"]
[SourceTitle "EXT 2023"]
[Source "ChessBase"]
[SourceDate "2022.10.05"]
[SourceVersion "1"]
[SourceVersionDate "2022.10.05"]
[SourceQuality "1"]

1. c4 c6 2. Nc3 d5 3. cxd5 cxd5 4. d4 Nc6 5. Nf3 Nf6 6. Bf4 a6 7. e3 Bg4 8. Be2 e6 9. a3 Be7 10. 0-0 0-0 11. h3 Bxf3 12. Bxf3 Nd7 13. b4 Nb6 14. Be2 Na7 15. Rc1 Nac8 16. Qc2 Bd6 17. Bd3 Bxf4 18. Bxh7+ Kh8 19. exf4 Qh4 20. Bd3 Qxf4 21. Qe2 g6 22. g3 Qxd4 23. Rfd1 Qf6 24. h4 Kg7 25. Kg2 Nd6 26. g4 Rac8 27. g5 Qf4 28. Re1 Rh8 29. Rh1 Nbc4 30. Rce1 Rxh4 31. Rxh4 Qxh4 32. Bxc4 Qxg5+ 33. Kf1 Nxc4 34. Qd3 Qd2 35. Qg3 Rh8 36. Qf3 Rh2 37. Rd1 Qc2 38. Kg1 Rh5 39. Qg3 Re5 40. Kg2 Nd2 41. Rh1 Ne4 42. Nxe4 Qxe4+ 43. Kg1 Qe1+ 44. Kg2 Qe4+ 45. Kg1 Rf5 46. Qc3+ d4 47. Qc1 d3 48. Qc3+ Qe5 49. Qd2 Rg5+ 50. Kf1 Qa1+ 51. Qe1 Qxe1+ 52. Kxe1 Rd5 53. Kd2 e5 54. a4 e4 55. Rb1 Kf6 56. b5 axb5 57. axb5 b6 58. Ke3 d2 59. Rd1 Ke5 0-1

[Event "AUS-ch Minor"]
[Site "Cammeray"]
[Date "2013.01.04"]
[Round "3"]
[White "Roche, Stephen"]
[Black "Tracey, Michael"]
[Result "1-0"]
[WhiteElo "1482"]
[BlackElo "1338"]
[PlyCount "41"]
[EventDate "2013.01.02"]
[EventType "swiss"]
[EventRounds "11"]
[EventCountry "AUS"]
[SourceTitle "EXT 2022"]
[Source "ChessBase"]
[SourceDate "2021.10.06"]
[SourceVersion "1"]
[SourceVersionDate "2021.10.06"]
[SourceQuality "1"]

1. e4 c5 2. Nf3 e6 3. d4 cxd4 4. Nxd4 Nf6 5. Nc3 d6 6. Bg5 a6 7. Qd2 Be7 8. 0-0-0 0-0 9. f4 Nbd7 10. h4 h6 11. Bxf6 Nxf6 12. g4 Nxg4 13. Rg1 h5 14. Nf3 Qa5 15. Kb1 b5 16. Nd5 Qd8 17. Nxe7+ Qxe7 18. Bh3 f5 19. exf5 exf5 20. Ng5 Qe4 21. Bg2 1-0

[Event "AUS-ch Minor"]
[Site "Cammeray"]
[Date "2011.01.10"]
[Round "8"]
[White "Willathgamuwa, Rowan"]
[Black "Tracey, Michael"]
[Result "0-1"]
[WhiteElo "850"]
[BlackElo "1347"]
[PlyCount "58"]
[EventDate "2011.01.02"]
[EventType "swiss"]
[EventRounds "11"]
[EventCountry "AUS"]
[SourceTitle "EXT 2012"]
[Source "ChessBase"]
[SourceDate "2011.11.24"]
[SourceVersion "1"]
[SourceVersionDate "2011.11.24"]
[SourceQuality "1"]

1. e4 c5 2. Nf3 Nc6 3. d4 cxd4 4. Nxd4 Nf6 5. Nc3 e5 6. Ndb5 d6 7. Bg5 a6 8. Na3 b5 9. Nd5 Be7 10. Nxf6+ Bxf6 11. Bxf6 Qxf6 12. g3 0-0 13. Bg2 Be6 14. c3 Rad8 15. 0-0 Ne7 16. Nc2 d5 17. Qf3 Qxf3 18. Bxf3 dxe4 19. Bxe4 f5 20. Bg2 Rd2 21. Rfc1 f4 22. b3 fxg3 23. fxg3 Rff2 24. Ne3 Nf5 25. Bd5 Bxd5 26. Nxd5 e4 27. Nf4 Rxh2 28. a3 Nxg3 29. Rd1 Rh1# 0-1

[Event "Sydney op-B"]
[Site "Parramatta"]
[Date "2010.04.09"]
[Round "5"]
[White "Christian, Kashish"]
[Black "Tracey, Michael"]
[Result "0-1"]
[WhiteElo "654"]
[BlackElo "1370"]
[PlyCount "148"]
[EventDate "2010.04.07"]
[EventType "swiss"]
[EventRounds "9"]
[EventCountry "AUS"]
[SourceTitle "EXT 2012"]
[Source "ChessBase"]
[SourceDate "2011.11.24"]
[SourceVersion "1"]
[SourceVersionDate "2011.11.24"]
[SourceQuality "1"]

1. e4 c5 2. Nf3 Nc6 3. Nc3 d6 4. h3 g6 5. Bc4 Bg7 6. Ng5 e6 7. d3 Nf6 8. Be3 0-0 9. 0-0 h6 10. Nf3 a6 11. a4 b6 12. Qd2 Kh7 13. Rfe1 Bb7 14. d4 cxd4 15. Bxd4 Nxd4 16. Nxd4 Re8 17. Bd3 Nd7 18. Nf3 Ne5 19. Be2 Qc7 20. Kf1 Nc4 21. Bxc4 Qxc4+ 22. Kg1 Rad8 23. Qd3 Qc7 24. Ra2 Bxc3 25. Qxc3 Qxc3 26. bxc3 Rc8 27. Ra3 Rc7 28. Rb3 Rc6 29. a5 b5 30. e5 d5 31. Nd4 Rc4 32. Ra1 Rec8 33. Raa3 Kg7 34. g4 Kf8 35. f3 Ke7 36. Kf2 f6 37. f4 Ba8 38. Ke3 fxe5 39. fxe5 Rf8 40. Rb4 Rf1 41. h4 Rh1 42. g5 Rxh4 43. gxh6 Rxh6 44. Kf4 Rh5 45. Rbb3 Rc8 46. Kg4 Rxe5 47. Kf4 Rh5 48. Ra1 Rf8+ 49. Kg4 e5 50. Re1 Kd6 51. Nf3 Rff5 52. Nd2 Rf4+ 53. Kg3 Rg5+ 54. Kh3 Rf2 55. Rd1 Rf8 56. Kh4 Rh5+ 57. Kg4 Rf2 58. Kg3 Rhf5 59. Rbb1 d4 60. Rg1 Rxd2 61. cxd4 Rxd4 62. Rbd1 Kd5 63. Rxd4+ Kxd4 64. Kh2 Rh5+ 65. Kg3 Rg5+ 66. Kh2 Rxg1 67. Kxg1 Ke3 68. Kh2 Kf2 69. Kh3 e4 70. Kg4 e3 71. Kg5 Be4 72. Kf4 Bf5 73. c3 e2 74. Kg5 e1Q 0-1

[Event "Doeberl Cup Minor 48th"]
[Site "Canberra"]
[Date "2010.04.04"]
[Round "5"]
[White "Kenmure, Jamie"]
[Black "Tracey, Michael"]
[Result "1/2-1/2"]
[WhiteElo "1438"]
[BlackElo "1375"]
[PlyCount "90"]
[EventDate "2010.04.02"]
[EventType "swiss"]
[EventRounds "7"]
[EventCountry "AUS"]
[SourceTitle "EXT 2012"]
[Source "ChessBase"]
[SourceDate "2011.11.24"]
[SourceVersion "1"]
[SourceVersionDate "2011.11.24"]
[SourceQuality "1"]

1. e4 c5 2. Nf3 Nc6 3. Bb5 d6 4. 0-0 Bd7 5. d4 cxd4 6. Nxd4 Rc8 7. c3 a6 8. Nxc6 Bxc6 9. Bxc6+ Rxc6 10. Be3 Nf6 11. f3 e6 12. Bf2 Be7 13. Nd2 0-0 14. Qc2 b5 15. Qd3 Qc7 16. Rac1 Nd7 17. Rc2 Ne5 18. Qe2 Nc4 19. Nxc4 Rxc4 20. Rfc1 Rc8 21. Qd3 Bg5 22. Be3 Bxe3+ 23. Qxe3 b4 24. Kf2 Qa5 25. Qd3 Qc5+ 26. Ke2 Qb5 27. Qe3 Qe5 28. g3 a5 29. Kd2 Qh5 30. h4 d5 31. cxb4 axb4 32. Rxc4 dxc4 33. e5 Rd8+ 34. Ke2 Rd5 35. Rxc4 Rxe5 36. Re4 Rxe4 37. Qxe4 Qb5+ 38. Kd2 Qa5 39. Ke3 Kf8 40. Qc4 Qe5+ 41. Kd3 Qxb2 42. Qc8+ Ke7 43. Qc7+ Kf6 44. Qf4+ Ke7 45. Qc7+ Kf6 1/2-1/2

[Event "Doeberl Cup Minor 47th"]
[Site "Canberra"]
[Date "2009.04.12"]
[Round "5"]
[White "Tracey, Michael"]
[Black "Rostov, Marat"]
[Result "1-0"]
[WhiteElo "1418"]
[BlackElo "671"]
[PlyCount "57"]
[EventDate "2009.04.10"]
[EventType "swiss"]
[EventRounds "6"]
[EventCountry "AUS"]
[SourceTitle "CBM 129 Extra"]
[Source "ChessBase"]
[SourceDate "2009.05.05"]
[SourceVersion "2"]
[SourceVersionDate "2009.05.20"]
[SourceQuality "1"]

1. b4 f5 2. Bb2 Nf6 3. e3 b6 4. Nf3 Bb7 5. Be2 e6 6. a3 Be7 7. 0-0 0-0 8. c4 c5 9. b5 d6 10. d4 Ne4 11. Nbd2 Nd7 12. a4 Qe8 13. a5 Rc8 14. axb6 axb6 15. Ra7 Ba8 16. h3 h6 17. Nh2 Rb8 18. Bf3 Ndf6 19. Kh1 Kh8 20. Nxe4 Nxe4 21. Qe2 Rb7 22. Rxb7 Bxb7 23. Bxe4 Bxe4 24. f3 Bb7 25. e4 Bd8 26. dxc5 dxc5 27. Qd2 Bc7 28. Qxh6+ Kg8 29. Qxg7# 1-0

[Event "Sydney Centenary U1600"]
[Site "Sydney"]
[Date "2009.01.04"]
[Round "5"]
[White "Foong, Genn"]
[Black "Tracey, Michael"]
[Result "0-1"]
[WhiteElo "1129"]
[BlackElo "1450"]
[PlyCount "144"]
[EventDate "2009.01.02"]
[EventType "swiss"]
[EventRounds "11"]
[EventCountry "AUS"]
[SourceTitle "EXT 2023"]
[Source "ChessBase"]
[SourceDate "2022.10.05"]
[SourceVersion "1"]
[SourceVersionDate "2022.10.05"]
[SourceQuality "1"]

1. e4 c5 2. Nf3 Nc6 3. d4 cxd4 4. Nxd4 e5 5. Nxc6 bxc6 6. Nc3 Nf6 7. Be3 a5 8. Qf3 Bb4 9. Bd2 0-0 10. Bd3 d6 11. 0-0 Bb7 12. Rfe1 Re8 13. Qg3 g6 14. Bg5 Kg7 15. Qh4 h5 16. Re3 d5 17. Rf3 Re6 18. Re1 d4 19. a3 Be7 20. Na4 Nd7 21. Bxe7 Qxe7 22. Qxe7 Rxe7 23. Bc4 Ba6 24. Bb3 Rb8 25. c4 c5 26. Ba2 Bb7 27. Rb3 Ree8 28. Rb5 Bc6 29. Rxa5 Bxa4 30. Rxa4 Rxb2 31. Bb1 Reb8 32. Bd3 R8b3 33. Bf1 d3 34. Rd1 d2 35. f3 Nb6 36. Ra5 Rc3 37. Kf2 Rc1 38. Be2 Nxc4 39. Rxc5 Rbc2 40. Rxc4 Rxc4 41. Rxd2 R4c2 42. Rd5 Ra1 43. Ra5 Raa2 44. Rxe5 Rxe2+ 45. Kg3 Rxg2+ 46. Kf4 f6 47. Re7+ Kf8 48. Re6 Kf7 49. Ra6 Rxh2 50. a4 Rhd2 51. a5 Ke7 52. Ra7+ Rd7 53. Ra6 Rc2 54. Rb6 Rcc7 55. a6 Ra7 56. e5 Rd4+ 57. Ke3 fxe5 58. Rxg6 Kf7 59. Rb6 h4 60. Kf2 Ra4 61. Rb7+ Rxb7 62. axb7 Rb4 63. f4 Rxb7 64. fxe5 Ke6 65. Kg2 Kf5 66. Kh3 Kg5 67. e6 Rb3+ 68. Kg2 Kg4 69. Kf2 h3 70. e7 Rb8 71. Kg1 Kg3 72. Kh1 Rb1# 0-1